A
Đã lưu trong:
| Údair Eile: | |
|---|---|
| Teanga: | Undetermined English |
| Foilsithe: |
Mason, Ohio
Thomson/South-Western
2004
|
| Ábhair: | |
| Clibeanna: |
Cuir Clib Leis
Gan Chlibeanna, Bí ar an gcéad duine leis an taifead seo a chlibeáil!
|
| Thư viện lưu trữ: | Trung tâm Học liệu Trường Đại học Trà Vinh |
|---|
| LEADER | 00582nam a2200241Ia 4500 | ||
|---|---|---|---|
| 001 | TVU_13521 | ||
| 008 | 210423s9999 xx 000 0 und d | ||
| 020 | |a 9789812541789 | ||
| 020 | |a 9812541780 | ||
| 041 | |a eng | ||
| 082 | |a 5.74 | ||
| 082 | |b Th431 | ||
| 245 | 2 | |a A | |
| 245 | 0 | |c Yee chak Thong ... [et al.] | |
| 260 | |a Mason, Ohio | ||
| 260 | |b Thomson/South-Western | ||
| 260 | |c 2004 | ||
| 300 | |a xii, 349 p. | ||
| 300 | |b ill. | ||
| 300 | |c 29 cm | ||
| 650 | |a Database management | ||
| 700 | |a Yee chak Thong | ||
| 980 | |a Trung tâm Học liệu Trường Đại học Trà Vinh | ||


